[Event "Collado Villalba op 40th"]
[Site "Collado Villalba"]
[Date "2023.08.24"]
[Round "3"]
[White "Sotoca Aguado, Jose"]
[Black "Plaza Plaza, Prudencio"]
[Result "1-0"]
[WhiteElo "1691"]
[BlackElo "1321"]
[PlyCount "101"]
[EventDate "2023.08.22"]
[EventType "swiss"]
[EventRounds "9"]
[EventCountry "ESP"]
[SourceTitle "EXT 2024"]
[Source "ChessBase"]
[SourceDate "2023.10.10"]
[SourceVersion "1"]
[SourceVersionDate "2023.10.10"]
[SourceQuality "1"]

1. e4 c5 2. Nf3 Nc6 3. d4 cxd4 4. Nxd4 Nf6 5. Nc3 d6 6. Bc4 e5 7. Nxc6 bxc6 8. 0-0 Be7 9. Bg5 h6 10. Bxf6 Bxf6 11. Qd2 0-0 12. Rad1 Be7 13. Qe3 Be6 14. Qe2 Qc7 15. Kh1 Qb7 16. Bxe6 fxe6 17. Qc4 Rf6 18. b4 d5 19. Qb3 d4 20. Ne2 Qxb4 21. Rb1 Qxb3 22. Rxb3 Bc5 23. Nc1 Bb6 24. Nd3 Bc7 25. Rb7 Rf7 26. Rfb1 Bd6 27. Rxf7 Kxf7 28. Rb7+ Kf6 29. g3 a5 30. Rd7 Bb4 31. f4 exf4 32. gxf4 Rg8 33. Ne5 Rf8 34. Rxd4 Rc8 35. Rd7 Be7 36. Kg2 c5 37. Nc4 Rd8 38. Ne5 Rxd7 39. Nxd7+ Kg6 40. Kf3 Kh5 41. Ne5 g5 42. Nc6 Bd6 43. Nxa5 Bxf4 44. h3 Kh4 45. Kg2 h5 46. Nb3 Be3 47. c4 g4 48. hxg4 Kxg4 49. a4 h4 50. a5 h3+ 51. Kh1 1-0

[Event "Collado Villalba op 40th"]
[Site "Collado Villalba"]
[Date "2023.08.23"]
[Round "2"]
[White "Olmedo Aznar, Eduardo"]
[Black "Sotoca Aguado, Jose"]
[Result "1/2-1/2"]
[WhiteElo "1801"]
[BlackElo "1691"]
[PlyCount "69"]
[EventDate "2023.08.22"]
[EventType "swiss"]
[EventRounds "9"]
[EventCountry "ESP"]
[SourceTitle "EXT 2024"]
[Source "ChessBase"]
[SourceDate "2023.10.10"]
[SourceVersion "1"]
[SourceVersionDate "2023.10.10"]
[SourceQuality "1"]

1. Nf3 c5 2. e4 g6 3. g3 Bg7 4. Bg2 Nc6 5. 0-0 d6 6. d3 Nf6 7. c3 0-0 8. a4 Bg4 9. h3 Bd7 10. Na3 a6 11. Be3 Qc7 12. Qd2 Na5 13. Qc2 Be6 14. c4 Nc6 15. Qd2 Nd7 16. Bh6 Nb4 17. Bxg7 Kxg7 18. d4 f6 19. d5 Bf7 20. Nh2 e5 21. dxe6 Bxe6 22. Rfd1 Ne5 23. Qxd6 Qc8 24. f4 Nf7 25. Qd2 Bxh3 26. Bh1 Rd8 27. Qc3 Nc6 28. Nc2 Be6 29. b3 Qc7 30. Nf1 Rxd1 31. Rxd1 Rd8 32. Rxd8 Qxd8 33. Nfe3 Nd4 34. Kf2 Nxc2 35. Qxc2 1/2-1/2

[Event "Mostoles op 12th"]
[Site "Mostoles"]
[Date "2023.07.30"]
[Round "8"]
[White "Martin Ramos, Hector"]
[Black "Sotoca Aguado, Jose"]
[Result "1-0"]
[WhiteElo "1692"]
[BlackElo "1694"]
[PlyCount "93"]
[EventDate "2023.07.23"]
[EventType "swiss"]
[EventRounds "8"]
[EventCountry "ESP"]
[SourceTitle "CBM 215 Extra"]
[Source "ChessBase"]
[SourceDate "2023.09.30"]
[SourceVersion "1"]
[SourceVersionDate "2023.09.30"]
[SourceQuality "1"]

1. d4 Nf6 2. c4 e6 3. Nc3 Bb4 4. e3 c5 5. Nge2 0-0 6. a3 Bxc3+ 7. Nxc3 d6 8. Be2 Nc6 9. 0-0 Qe7 10. d5 exd5 11. cxd5 Nb8 12. Qc2 Nbd7 13. e4 h6 14. f4 Re8 15. Bf3 Nf8 16. Bd2 Rb8 17. Rae1 Ng6 18. e5 dxe5 19. fxe5 Nxe5 20. Bf4 Nfd7 21. Nb5 f6 22. d6 Qf7 23. Nc7 Nxf3+ 24. gxf3 Rxe1 25. Rxe1 Ne5 26. Bxe5 fxe5 27. Rxe5 Bh3 28. Qe4 b6 29. Nd5 Rd8 30. Kf2 Kf8 31. Qh4 Qd7 32. Nf4 Qxd6 33. Rd5 Qxd5 34. Nxd5 Rxd5 35. Qxh3 Rd2+ 36. Ke3 Rxb2 37. Qe6 a5 38. a4 Rb4 39. f4 Rb2 40. f5 Rb4 41. f6 gxf6 42. Qxf6+ Ke8 43. Qxh6 Ke7 44. Qc6 Kf7 45. Kf3 Kg7 46. Kg3 Kh7 47. h4 1-0

[Event "Mostoles op 12th"]
[Site "Mostoles"]
[Date "2023.07.29"]
[Round "7"]
[White "Sotoca Aguado, Jose"]
[Black "Mochon Bernal, Jorge"]
[Result "1-0"]
[WhiteElo "1694"]
[BlackElo "1586"]
[PlyCount "73"]
[EventDate "2023.07.23"]
[EventType "swiss"]
[EventRounds "8"]
[EventCountry "ESP"]
[SourceTitle "CBM 215 Extra"]
[Source "ChessBase"]
[SourceDate "2023.09.30"]
[SourceVersion "1"]
[SourceVersionDate "2023.09.30"]
[SourceQuality "1"]

1. e4 e5 2. Nf3 Nf6 3. Nxe5 d6 4. Nf3 Nxe4 5. d4 d5 6. Bd3 Be7 7. 0-0 0-0 8. h3 Bf5 9. c4 dxc4 10. Bxc4 Nd7 11. Nc3 Nd6 12. Bb3 Nf6 13. Bf4 Nfe4 14. Ne5 Bg5 15. Qf3 Nxc3 16. bxc3 Kh8 17. Rfe1 Bxf4 18. Qxf4 f6 19. Nc4 g5 20. Qf3 Be4 21. Rxe4 Nxe4 22. Qxe4 c6 23. Ne3 Qd7 24. Nf5 Rae8 25. Qf3 c5 26. Rd1 c4 27. Bxc4 Qc7 28. Bd5 b6 29. c4 Rd8 30. Re1 Rfe8 31. Rxe8+ Rxe8 32. Ne3 Qd6 33. Qf5 Re7 34. c5 bxc5 35. dxc5 Qe5 36. c6 Qd4 37. Qc8+ 1-0

[Event "Mostoles op 12th"]
[Site "Mostoles"]
[Date "2023.07.23"]
[Round "1"]
[White "Sotoca Aguado, Jose"]
[Black "Xia, Yan"]
[Result "1-0"]
[WhiteElo "1694"]
[BlackElo "1220"]
[PlyCount "103"]
[EventDate "2023.07.23"]
[EventType "swiss"]
[EventRounds "8"]
[EventCountry "ESP"]
[SourceTitle "CBM 215 Extra"]
[Source "ChessBase"]
[SourceDate "2023.09.30"]
[SourceVersion "1"]
[SourceVersionDate "2023.09.30"]
[SourceQuality "1"]

1. e4 e5 2. Nf3 Nc6 3. Bb5 Nf6 4. d3 Bc5 5. 0-0 d6 6. h3 a6 7. Ba4 b5 8. Bb3 Be6 9. c3 Qd7 10. Bxe6 fxe6 11. b4 Bb6 12. a4 0-0 13. axb5 axb5 14. Rxa8 Rxa8 15. Na3 d5 16. Qe2 d4 17. c4 bxc4 18. Nxc4 Nxb4 19. Nfxe5 Qb5 20. Bg5 Nd7 21. Bf4 Nxe5 22. Bxe5 Nc6 23. Bg3 Qb3 24. Qg4 Re8 25. Be5 g6 26. Qg3 Nb4 27. Bxc7 Bxc7 28. Qxc7 Nxd3 29. Qd7 Qb8 30. Qxd4 Nf4 31. Qd6 Qb5 32. Qxf4 Qxc4 33. Qe3 Rd8 34. Rc1 Qa6 35. Qc5 Qa8 36. Qe5 Re8 37. Rc7 Re7 38. Rxe7 Qf8 39. Qxe6+ Kh8 40. Re8 Qxe8 41. Qxe8+ Kg7 42. e5 g5 43. e6 Kf6 44. Qf7+ Ke5 45. e7 Kd6 46. e8Q h6 47. Qee6+ Kc5 48. Qe5+ Kb4 49. Qd4+ Ka3 50. Qf3+ Ka2 51. Qd2+ Kb1 52. Qb3+ 1-0

[Event "Madrid-ch Previa A"]
[Site "Madrid"]
[Date "2023.02.21"]
[Round "8.8"]
[White "Sotoca Aguado, Jose"]
[Black "Fernandez Garcia, Ignacio"]
[Result "0-1"]
[WhiteElo "1790"]
[BlackElo "1824"]
[PlyCount "114"]
[EventDate "2023.02.06"]
[EventType "swiss"]
[EventRounds "9"]
[EventCountry "ESP"]
[SourceTitle "EXT 2024"]
[Source "ChessBase"]
[SourceDate "2023.10.10"]
[SourceVersion "1"]
[SourceVersionDate "2023.10.10"]
[SourceQuality "1"]

1. e4 d6 2. d4 Nf6 3. Nc3 g6 4. f4 Bg7 5. Nf3 Bg4 6. Be2 c6 7. 0-0 0-0 8. h3 Bd7 9. Kh2 d5 10. e5 Ne4 11. Nxe4 dxe4 12. Ng5 Bf5 13. g4 h6 14. gxf5 gxf5 15. Nxf7 Kxf7 16. Bc4+ Ke8 17. Be3 Kd7 18. Rg1 Bh8 19. Rg6 Kc7 20. d5 cxd5 21. Bxd5 Nc6 22. Bxc6 Qxd1 23. Rxd1 bxc6 24. Rd4 Rfe8 25. Rc4 e6 26. Rxh6 Bg7 27. Rg6 Bf8 28. b4 a6 29. Rf6 Rad8 30. Rf7+ Re7 31. Rxe7+ Bxe7 32. a4 Rd5 33. c3 Rd3 34. Bf2 e3 35. Bxe3 Rxe3 36. b5 axb5 37. axb5 c5 38. Ra4 Bh4 39. Ra6 Rxc3 40. Rxe6 Bg3+ 41. Kg2 Bxf4 42. Rc6+ Kd7 43. Rf6 Bxe5 44. Rxf5 Ke6 45. Rf1 Rg3+ 46. Kf2 Rxh3 47. Rb1 Rh2+ 48. Ke3 Rb2 49. Rh1 Rxb5 50. Rh7 Kd5 51. Rd7+ Bd6 52. Kd3 c4+ 53. Kc3 Rb3+ 54. Kc2 Rh3 55. Rd8 Kc5 56. Re8 Kb4 57. Re2 Rh2 0-1

[Event "Madrid-ch Previa A"]
[Site "Madrid"]
[Date "2023.02.15"]
[Round "6.18"]
[White "Sotoca Aguado, Jose"]
[Black "Gomez Ramirez, Jorge"]
[Result "1-0"]
[WhiteElo "1790"]
[BlackElo "1298"]
[PlyCount "77"]
[EventDate "2023.02.06"]
[EventType "swiss"]
[EventRounds "9"]
[EventCountry "ESP"]
[SourceTitle "EXT 2024"]
[Source "ChessBase"]
[SourceDate "2023.10.10"]
[SourceVersion "1"]
[SourceVersionDate "2023.10.10"]
[SourceQuality "1"]

1. e4 c6 2. d4 d5 3. Nc3 dxe4 4. Nxe4 Nd7 5. Bc4 Ngf6 6. Ng3 e6 7. Bf4 Nb6 8. Bb3 Nbd5 9. Bg5 Qa5+ 10. Bd2 Qc7 11. Nf3 c5 12. 0-0 cxd4 13. Nxd4 a6 14. Re1 Be7 15. c4 Nf4 16. Qf3 Ng6 17. Ba4+ Bd7 18. Bxd7+ Qxd7 19. Bc3 0-0 20. Rad1 Qc7 21. b3 Rac8 22. Bb2 e5 23. Ndf5 Bb4 24. Rf1 Rfd8 25. h3 Rxd1 26. Rxd1 b5 27. cxb5 axb5 28. Rc1 Qd7 29. Rxc8+ Qxc8 30. Qd3 Qa6 31. a4 h5 32. Qxb5 Qe6 33. Qxb4 h4 34. Nxh4 Nxh4 35. Qxh4 Qxb3 36. Bxe5 Qd1+ 37. Kh2 Qd2 38. Bxf6 gxf6 39. Qxf6 1-0

[Event "Madrid-ch Previa A"]
[Site "Madrid"]
[Date "2023.02.14"]
[Round "5.11"]
[White "Marcos Herrero, Francisco"]
[Black "Sotoca Aguado, Jose"]
[Result "1-0"]
[WhiteElo "1855"]
[BlackElo "1790"]
[PlyCount "113"]
[EventDate "2023.02.06"]
[EventType "swiss"]
[EventRounds "9"]
[EventCountry "ESP"]
[SourceTitle "EXT 2024"]
[Source "ChessBase"]
[SourceDate "2023.10.10"]
[SourceVersion "1"]
[SourceVersionDate "2023.10.10"]
[SourceQuality "1"]

1. Nf3 d5 2. d4 Nf6 3. g3 e6 4. Bg2 c5 5. 0-0 Nc6 6. c4 dxc4 7. Na3 cxd4 8. Nxc4 Bc5 9. Nfe5 Nxe5 10. Nxe5 0-0 11. Bg5 h6 12. Bf4 Nd5 13. Bd2 Rb8 14. Rc1 Bb6 15. Qc2 Bd7 16. Qb3 Be8 17. Bxd5 exd5 18. Bb4 f6 19. Bxf8 fxe5 20. Qa3 Rc8 21. Be7 Qd7 22. Rxc8 Qxc8 23. Qd6 Qc7 24. Qxd5+ Bf7 25. Qd6 a6 26. Re1 e4 27. Qxc7 Bxc7 28. Bc5 Be5 29. b3 Bg6 30. Kf1 Kf7 31. Rd1 d3 32. exd3 exd3 33. Bb4 Ke6 34. Ke1 Kd5 35. Rc1 Bf5 36. Bc3 Bd6 37. Bxg7 h5 38. Rc4 Bc5 39. Bc3 Be4 40. Bd2 b5 41. Rc1 Bf5 42. b4 Bd6 43. a3 Be5 44. Bc3 Bd6 45. Kd2 Bb8 46. f4 Bd6 47. Bb2 Be4 48. Rc8 h4 49. Be5 Be7 50. Rc7 hxg3 51. hxg3 Ke6 52. Ra7 Bd8 53. Rxa6+ Kf5 54. Rd6 Be7 55. Rd7 Ke6 56. Rxd3 Bxd3 57. Kxd3 1-0

[Event "Madrid-ch Previa A"]
[Site "Madrid"]
[Date "2023.02.06"]
[Round "1.22"]
[White "Rioyo Bailin, Lucas"]
[Black "Sotoca Aguado, Jose"]
[Result "1/2-1/2"]
[WhiteElo "1432"]
[BlackElo "1790"]
[PlyCount "69"]
[EventDate "2023.02.06"]
[EventType "swiss"]
[EventRounds "9"]
[EventCountry "ESP"]
[SourceTitle "EXT 2024"]
[Source "ChessBase"]
[SourceDate "2023.10.10"]
[SourceVersion "1"]
[SourceVersionDate "2023.10.10"]
[SourceQuality "1"]

1. d4 Nf6 2. c4 e6 3. Nc3 Bb4 4. Bg5 h6 5. Bh4 c5 6. Nf3 cxd4 7. Qxd4 Nc6 8. Qd3 Qa5 9. Bxf6 gxf6 10. g3 Bxc3+ 11. Qxc3 Qxc3+ 12. bxc3 b6 13. Bg2 Ba6 14. Nd2 Rc8 15. Ne4 Ke7 16. c5 Ne5 17. cxb6 axb6 18. Rc1 d5 19. Nd2 Rc7 20. f4 Ng4 21. Bf3 f5 22. 0-0 Rhc8 23. h3 Ne3 24. Rfe1 d4 25. Kf2 Rxc3 26. Rxc3 Rxc3 27. Rb1 b5 28. Nb3 Nc2 29. Rd1 Rc4 30. Na5 Ra4 31. Nc6+ Kf8 32. Rd2 Rc4 33. Ne5 Rc3 34. Nc6 Rc4 35. Ne5 1/2-1/2

[Event "Collado Villalba op 39th"]
[Site "Collado Villalba"]
[Date "2022.08.27"]
[Round "8"]
[White "Martin Martin, Luis Vicente"]
[Black "Sotoca Aguado, Jose"]
[Result "1-0"]
[WhiteElo "1888"]
[BlackElo "1811"]
[PlyCount "127"]
[EventDate "2022.08.20"]
[EventType "swiss"]
[EventRounds "9"]
[EventCountry "ESP"]
[SourceTitle "EXT 2023"]
[Source "ChessBase"]
[SourceDate "2022.10.05"]
[SourceVersion "1"]
[SourceVersionDate "2022.10.05"]
[SourceQuality "1"]

1. d4 Nf6 2. Bf4 d5 3. e3 e6 4. Nf3 c5 5. c3 Nc6 6. Nbd2 Bd6 7. Bg3 0-0 8. Bd3 b6 9. Ne5 Bxe5 10. dxe5 Nd7 11. f4 f5 12. exf6 Nxf6 13. e4 d4 14. Bb5 Ne7 15. 0-0 a6 16. Be2 dxc3 17. bxc3 Bb7 18. Qc2 b5 19. Bf3 c4 20. Rfd1 Qb6+ 21. Bf2 Qc7 22. Be3 Rad8 23. Nf1 Ng6 24. g3 e5 25. f5 Ne7 26. g4 Nd7 27. Qf2 Qc6 28. Ng3 Nb8 29. Bb6 Rd7 30. Rxd7 Nxd7 31. Be3 a5 32. a3 Nc8 33. Rd1 Ncb6 34. g5 Na4 35. Ne2 Nac5 36. Qg2 Nd3 37. h4 N7c5 38. Kh2 Bc8 39. Rg1 Bd7 40. h5 Be8 41. h6 g6 42. f6 Bd7 43. Rd1 Be6 44. Qg1 Rb8 45. Nc1 b4 46. axb4 axb4 47. cxb4 Nxc1 48. Bxc1 Nd3 49. Qa7 Qb7 50. Qxb7 Rxb7 51. Bd2 Ra7 52. b5 Ra2 53. Kg3 Rb2 54. Be3 Rxb5 55. Ra1 Rb8 56. Be2 Rd8 57. Ra7 Rc8 58. Rg7+ Kh8 59. Re7 Nf4 60. Bxf4 exf4+ 61. Kxf4 c3 62. Bd3 c2 63. Bxc2 Rxc2 64. Rxe6 1-0

[Event "Collado Villalba op 39th"]
[Site "Collado Villalba"]
[Date "2022.08.25"]
[Round "6"]
[White "Martin Garcia, Francisco Javier"]
[Black "Sotoca Aguado, Jose"]
[Result "0-1"]
[WhiteElo "1509"]
[BlackElo "1811"]
[PlyCount "70"]
[EventDate "2022.08.20"]
[EventType "swiss"]
[EventRounds "9"]
[EventCountry "ESP"]
[SourceTitle "EXT 2023"]
[Source "ChessBase"]
[SourceDate "2022.10.05"]
[SourceVersion "1"]
[SourceVersionDate "2022.10.05"]
[SourceQuality "1"]

1. d4 Nf6 2. c4 e6 3. Nf3 b6 4. g3 Bb7 5. Bg2 Bb4+ 6. Bd2 Bxd2+ 7. Nbxd2 0-0 8. 0-0 d6 9. b4 Nbd7 10. Nb3 c5 11. b5 Qc7 12. Rc1 a6 13. a4 axb5 14. axb5 Ra3 15. Ra1 Rfa8 16. Rxa3 Rxa3 17. Qc2 Be4 18. Qb2 Qa7 19. Nfd2 Bxg2 20. Kxg2 Qa8+ 21. Kg1 Ra2 22. Ra1 Rxa1+ 23. Nxa1 h6 24. e3 e5 25. d5 e4 26. Nc2 Ne5 27. Qa3 Qc8 28. Kg2 Qf5 29. Qa1 Nfg4 30. Qf1 Nf3 31. Nxf3 exf3+ 32. Kg1 Qxc2 33. h3 Ne5 34. e4 Nxc4 35. Qa1 Ne5 0-1

[Event "Collado Villalba op 39th"]
[Site "Collado Villalba"]
[Date "2022.08.20"]
[Round "1"]
[White "Sotoca Aguado, Jose"]
[Black "Bravo De la Vega, Alvaro"]
[Result "0-1"]
[WhiteElo "1811"]
[BlackElo "2077"]
[PlyCount "92"]
[EventDate "2022.08.20"]
[EventType "swiss"]
[EventRounds "9"]
[EventCountry "ESP"]
[SourceTitle "EXT 2023"]
[Source "ChessBase"]
[SourceDate "2022.10.05"]
[SourceVersion "1"]
[SourceVersionDate "2022.10.05"]
[SourceQuality "1"]

1. e4 c5 2. Nf3 Nc6 3. d4 cxd4 4. Nxd4 e5 5. Nb3 Nf6 6. Bg5 Be7 7. Bxf6 Bxf6 8. Nc3 0-0 9. Be2 d6 10. 0-0 Be6 11. Nd5 Bg5 12. c3 f5 13. exf5 Bxf5 14. Bg4 Kh8 15. Bxf5 Rxf5 16. Qd3 Qd7 17. Rad1 Raf8 18. Nd2 Bxd2 19. Rxd2 Qf7 20. a4 Rh5 21. f3 Rh4 22. Ne3 h6 23. b4 Qh5 24. g3 e4 25. fxe4 Rxf1+ 26. Qxf1 Rxe4 27. Qf8+ Kh7 28. Qf5+ Qxf5 29. Nxf5 Rc4 30. Nxd6 Rxc3 31. b5 Na5 32. Kf2 b6 33. Re2 Rd3 34. Ne8 Rd7 35. Rc2 Nb3 36. Rc4 Nc5 37. a5 Kg8 38. axb6 axb6 39. Rf4 Ne6 40. Rf5 Rd8 41. Nf6+ gxf6 42. Rxf6 Rd6 43. h4 Kg7 44. Rf3 Rd5 45. Re3 Kf6 46. g4 Rxb5 0-1

[Event "Collado Villalba Grupo Gallinero op 1st"]
[Site "Collado Villalba"]
[Date "2022.08.15"]
[Round "7"]
[White "Sotoca Aguado, Jose"]
[Black "Melero Fernandez, Jose M"]
[Result "1-0"]
[WhiteElo "1811"]
[BlackElo "1229"]
[PlyCount "121"]
[EventDate "2022.08.12"]
[EventType "swiss"]
[EventRounds "9"]
[EventCountry "ESP"]
[SourceTitle "CBM 210 Extra"]
[Source "ChessBase"]
[SourceDate "2022.11.30"]
[SourceVersion "1"]
[SourceVersionDate "2022.11.30"]
[SourceQuality "1"]

1. e4 c5 2. Nf3 d6 3. d4 cxd4 4. Nxd4 Nf6 5. Nc3 g6 6. Be3 Bg7 7. f3 a6 8. Qd2 h5 9. 0-0-0 b5 10. Kb1 Bb7 11. Nb3 Nbd7 12. Be2 Rc8 13. Rhe1 b4 14. Nd5 a5 15. Bb5 Bc6 16. Bxc6 Rxc6 17. Nd4 Rc8 18. Qd3 0-0 19. Nxf6+ Nxf6 20. Rd2 Nd7 21. Qb5 Qc7 22. b3 Rb8 23. Qc6 Qd8 24. Qd5 Nf6 25. Qc4 Rc8 26. Qa6 Ra8 27. Qb5 Rb8 28. Qd3 Qc7 29. Ne2 Nd7 30. Bd4 Nc5 31. Qe3 Bxd4 32. Qxd4 Rfc8 33. f4 Ne6 34. Qe3 Qc5 35. Qxc5 Rxc5 36. g3 Rbc8 37. Rf1 Ng7 38. Nd4 f6 39. Ne2 Kf7 40. Rc1 R8c7 41. Kb2 f5 42. exf5 Nxf5 43. c4 Ne3 44. Rd3 Ng4 45. Nd4 Nxh2 46. Re1 Ng4 47. Ne6 Nf2 48. Rd2 Ng4 49. Nxc7 Rxc7 50. Rd5 Rc5 51. Rxc5 dxc5 52. Kc2 Kf6 53. Kd3 e6 54. Ke4 Nf2+ 55. Ke3 Ng4+ 56. Kf3 Kf5 57. Rd1 Nh2+ 58. Kg2 Ng4 59. Rd3 Ke4 60. Rd6 Kf5 61. Rc6 1-0

[Event "Madrid-ch Previa-A"]
[Site "Madrid"]
[Date "2022.03.23"]
[Round "9"]
[White "Guardiola Sevilla, Antonio"]
[Black "Sotoca Aguado, Jose"]
[Result "0-1"]
[WhiteElo "1733"]
[BlackElo "1819"]
[PlyCount "104"]
[EventDate "2022.03.07"]
[EventType "swiss"]
[EventRounds "9"]
[EventCountry "ESP"]
[SourceTitle "EXT 2023"]
[Source "ChessBase"]
[SourceDate "2022.10.05"]
[SourceVersion "1"]
[SourceVersionDate "2022.10.05"]
[SourceQuality "1"]

1. e4 e6 2. d4 d5 3. exd5 exd5 4. Bd3 Bd6 5. Be3 Ne7 6. Nf3 Bf5 7. 0-0 0-0 8. Nc3 c6 9. Ne2 Qc7 10. Ng3 Bxd3 11. Qxd3 Na6 12. c3 Qd7 13. Rae1 Rae8 14. Re2 f5 15. Bg5 f4 16. Bxe7 Rxe7 17. Rxe7 Bxe7 18. Ne2 Bd6 19. Re1 Nc7 20. c4 dxc4 21. Qxc4+ Qf7 22. Qxf7+ Rxf7 23. Nc3 Re7 24. Kf1 h6 25. Ne4 Bb4 26. Re2 Nd5 27. a3 Ba5 28. Nc5 b5 29. Ne5 Rc7 30. Ne6 Rc8 31. Nd3 Bb6 32. Ndc5 Bc7 33. Nxc7 Rxc7 34. Re4 Rc8 35. Ke2 Kf7 36. Kf3 g5 37. Re6 Nf6 38. h3 a5 39. Rd6 a4 40. Ne4 Ng8 41. Rxh6 Nxh6 42. Nd6+ Ke6 43. Nxc8 Kd5 44. Nb6+ Kxd4 45. h4 gxh4 46. Kxf4 c5 47. Nd7 b4 48. Nb6 bxa3 49. bxa3 Nf7 50. Nxa4 c4 51. g4 Ng5 52. f3 Ne6+ 0-1

[Event "Madrid-ch Previa-A"]
[Site "Madrid"]
[Date "2022.03.21"]
[Round "7"]
[White "Sotoca Aguado, Jose"]
[Black "Lopez de Turiso, Jose Angel"]
[Result "0-1"]
[WhiteElo "1819"]
[BlackElo "1935"]
[PlyCount "128"]
[EventDate "2022.03.07"]
[EventType "swiss"]
[EventRounds "9"]
[EventCountry "ESP"]
[SourceTitle "EXT 2023"]
[Source "ChessBase"]
[SourceDate "2022.10.05"]
[SourceVersion "1"]
[SourceVersionDate "2022.10.05"]
[SourceQuality "1"]

1. d4 f5 2. c4 Nf6 3. Nc3 d6 4. g3 g6 5. Bg2 Bg7 6. Nf3 0-0 7. 0-0 Nc6 8. d5 Ne5 9. Nxe5 dxe5 10. e4 f4 11. gxf4 exf4 12. f3 Nh5 13. Ne2 Be5 14. Nd4 c5 15. Ne2 Qd6 16. Rb1 g5 17. h3 Qh6 18. Bd2 Ng3 19. Bc3 Bxc3 20. bxc3 Nxf1 21. Qxf1 Qf6 22. Qf2 b6 23. Bf1 Ba6 24. Qe1 Bxc4 25. Nc1 Bxf1 26. Kxf1 c4 27. Ne2 e5 28. Rb2 Rac8 29. Ng1 Kf7 30. Qe2 Rc5 31. Rb4 Rfc8 32. Qg2 h5 33. Ne2 Rg8 34. Ng1 Ke7 35. Qe2 Rgc8 36. Qd1 Kd6 37. a4 Qd8 38. Qe2 Qc7 39. Qg2 Rg8 40. Qe2 Rc8 41. Qg2 Qe7 42. Qe2 Qf6 43. Qg2 Kc7 44. Qe2 Kb7 45. Qa2 Ka8 46. Qe2 Qd6 47. Qg2 Rg8 48. Qe2 Qc7 49. Qg2 a5 50. Rb1 Ka7 51. Rd1 Qd6 52. Rb1 Rg6 53. Qe2 Qd7 54. Qd1 Rc7 55. Rb2 Qd6 56. Rg2 Qa3 57. h4 Qxc3 58. Rxg5 Rxg5 59. hxg5 Qb3 60. Qc1 c3 61. Ne2 Qb2 62. Qe1 Qd2 63. Qf2 c2 64. Qe1 c1Q 0-1

[Event "Madrid-ch Previa-A"]
[Site "Madrid"]
[Date "2022.03.14"]
[Round "4"]
[White "Sotoca Aguado, Jose"]
[Black "Aquilino Rodriguez, Virgilio"]
[Result "1-0"]
[WhiteElo "1819"]
[BlackElo "1541"]
[PlyCount "87"]
[EventDate "2022.03.07"]
[EventType "swiss"]
[EventRounds "9"]
[EventCountry "ESP"]
[SourceTitle "EXT 2023"]
[Source "ChessBase"]
[SourceDate "2022.10.05"]
[SourceVersion "1"]
[SourceVersionDate "2022.10.05"]
[SourceQuality "1"]

1. d4 d5 2. Nf3 h6 3. Bf4 Nf6 4. e3 Bf5 5. Bd3 Bxd3 6. Qxd3 e6 7. 0-0 Nbd7 8. Nc3 a6 9. e4 dxe4 10. Nxe4 Be7 11. c4 0-0 12. Rad1 c6 13. h3 Nxe4 14. Qxe4 Nf6 15. Qc2 Bd6 16. Ne5 Be7 17. Be3 Nd7 18. Ng4 Bg5 19. f4 Be7 20. Qd2 f5 21. Ne5 Nxe5 22. fxe5 Bg5 23. Bxg5 Qxg5 24. Qxg5 hxg5 25. d5 cxd5 26. cxd5 exd5 27. Rxd5 Rae8 28. Re1 Re6 29. Rc1 Rfe8 30. Rc7 R8e7 31. Rxe7 Rxe7 32. Kf2 Kf7 33. Ke3 Ke6 34. Kd4 f4 35. Ke4 g6 36. Rd6+ Kf7 37. Kd5 Kg7 38. b4 Kf7 39. a4 Kg7 40. b5 a5 41. b6 Kf7 42. Rd8 Re8 43. Rxe8 Kxe8 44. Ke6 1-0

[Event "Madrid-ch Previa-A"]
[Site "Madrid"]
[Date "2022.03.07"]
[Round "1"]
[White "Del Olmo Linares, Marco"]
[Black "Sotoca Aguado, Jose"]
[Result "1/2-1/2"]
[WhiteElo "1477"]
[BlackElo "1819"]
[PlyCount "117"]
[EventDate "2022.03.07"]
[EventType "swiss"]
[EventRounds "9"]
[EventCountry "ESP"]
[SourceTitle "EXT 2023"]
[Source "ChessBase"]
[SourceDate "2022.10.05"]
[SourceVersion "1"]
[SourceVersionDate "2022.10.05"]
[SourceQuality "1"]

1. e4 c6 2. d4 d5 3. exd5 cxd5 4. c4 Nf6 5. cxd5 Nxd5 6. Nc3 e6 7. Nf3 Be7 8. Bd3 Nc6 9. 0-0 a6 10. Re1 Nf6 11. h3 Nb4 12. Bb1 0-0 13. Bg5 Nbd5 14. Qd3 g6 15. Ne5 Kg7 16. Qd2 Ng8 17. Be3 Nxe3 18. fxe3 Bd6 19. Nc4 Bc7 20. Be4 Rb8 21. d5 b5 22. Qd4+ f6 23. d6 bxc4 24. dxc7 Qxc7 25. Rad1 Ne7 26. Bf3 Nf5 27. Qd2 Qb6 28. Na4 Qb5 29. Qc2 e5 30. Rd5 Qb4 31. Re2 Be6 32. Rc5 Rbd8 33. Rc6 Rd6 34. a3 Qb8 35. Nc5 Rxc6 36. Bxc6 Qd6 37. Nxe6+ Qxe6 38. Be4 Rd8 39. Bxf5 gxf5 40. Rd2 Rxd2 41. Qxd2 Qc6 42. Kf2 Kf7 43. Qd8 Qb7 44. Kg3 Qc6 45. Qh8 f4+ 46. exf4 Qe4 47. Kh2 Qxf4+ 48. Kh1 Qf5 49. Qd8 Qf1+ 50. Kh2 Qf4+ 51. Kh1 Qd4 52. Qc7+ Kg6 53. Qc8 Kg7 54. Qc7+ Kh6 55. Qc8 Qf4 56. Qf8+ Kg6 57. Qe8+ Kh6 58. Qf8+ Kg6 59. Qe8+ 1/2-1/2

[Event "Collado Villalba op 38th"]
[Site "Collado Villalba"]
[Date "2021.08.27"]
[Round "7"]
[White "Sotoca Aguado, Jose"]
[Black "Anton Ortiz, Carlos"]
[Result "1-0"]
[WhiteElo "1823"]
[BlackElo "1354"]
[PlyCount "65"]
[EventDate "2021.08.21"]
[EventType "swiss"]
[EventRounds "9"]
[EventCountry "ESP"]
[SourceTitle "CBM 204 Extra"]
[Source "ChessBase"]
[SourceDate "2021.11.30"]
[SourceVersion "1"]
[SourceVersionDate "2021.11.30"]
[SourceQuality "1"]

1. e4 c5 2. Nc3 Nc6 3. f4 d6 4. Nf3 Nd4 5. Nxd4 cxd4 6. Bb5+ Bd7 7. Bxd7+ Qxd7 8. Ne2 e5 9. 0-0 Nf6 10. d3 Be7 11. c3 dxc3 12. bxc3 0-0 13. Ng3 Rac8 14. Bd2 Qb5 15. c4 Qc5+ 16. Kh1 Qd4 17. Nf5 Qxd3 18. Nxe7+ Kh8 19. Nxc8 Rxc8 20. fxe5 Nxe4 21. Bb4 Qxc4 22. Bxd6 Rd8 23. Rc1 Qe6 24. Qb3 Qh6 25. Rce1 Nd2 26. Qxf7 Nxf1 27. Rxf1 g6 28. Be7 Qg7 29. Bf6 Rg8 30. Bxg7+ Rxg7 31. Qf8+ Rg8 32. Qf6+ Rg7 33. Rd1 1-0

[Event "Collado Villalba op 38th"]
[Site "Collado Villalba"]
[Date "2021.08.25"]
[Round "5"]
[White "Sotoca Aguado, Jose"]
[Black "Sanchez Villodres, Mario"]
[Result "1-0"]
[WhiteElo "1823"]
[BlackElo "1294"]
[PlyCount "61"]
[EventDate "2021.08.21"]
[EventType "swiss"]
[EventRounds "9"]
[EventCountry "ESP"]
[SourceTitle "CBM 204 Extra"]
[Source "ChessBase"]
[SourceDate "2021.11.30"]
[SourceVersion "1"]
[SourceVersionDate "2021.11.30"]
[SourceQuality "1"]

1. d4 d5 2. Nf3 Nf6 3. Bf4 e6 4. e3 c5 5. c3 Nc6 6. Bd3 Bd6 7. Bxd6 Qxd6 8. 0-0 0-0 9. Nbd2 Re8 10. Qc2 c4 11. Be2 h6 12. e4 Nd7 13. e5 Qe7 14. Ne1 b5 15. f4 Nf8 16. Bf3 Qd8 17. g3 a6 18. Ng2 Ra7 19. Ne3 Ne7 20. g4 g6 21. Bg2 Qd7 22. Rf2 Rd8 23. Raf1 Ra8 24. f5 exf5 25. gxf5 Nxf5 26. Nxf5 gxf5 27. Rxf5 Qe6 28. Rf6 Qg4 29. Rxf7 Qg6 30. Rxf8+ Kg7 31. Qxg6+ 1-0